| 000 | 01133nam a22002417a 4500 | ||
|---|---|---|---|
| 003 | OSt | ||
| 005 | 20150408114232.0 | ||
| 008 | 141211s2013 ST ||||f b||| 00| 0 d | ||
| 040 | _aMA-UN | ||
| 082 |
_221 _a371.92 _bهـ م ت |
||
| 100 |
_aهنلي ، مارتن _946861 |
||
| 245 |
_aتدريس الطلبه ذوي الاعاقه البسيطه = _bTEACHING STUDENTS WITH MILAD DISABILITIES / _cتاليف مارتن هنلي ، روبرتا رامسي ، روبرت الجوزين ؛ ترجمة زيدان أحمد السرطاوي |
||
| 250 | _aط. 1 | ||
| 260 |
_aالامارات : _bدار الكتاب الجامعي ؛ |
||
| 260 |
_aعمان : _bدار المسيرة للنشر والتوزيع والطباعة ، _c2013 |
||
| 300 |
_a310 ص ؛ _c24 سم . |
||
| 500 | _aترجمة لـ : TEACHING STUDENTS WITH MILAD DISABILITIES | ||
| 650 | 4 |
_aالأطفال المعوقون _xتعليم. _946865 |
|
| 700 |
_aرامسي، روبرتا _eم. مشارك _946863 |
||
| 700 |
_aالجوزين، روبرت _eم. مشارك _946864 |
||
| 700 |
_99989 _aالسرطاوي، زيدان أحمد _eمترجم |
||
| 942 | _cBOOK | ||
| 999 |
_c36586 _d271086 |
||